[Event "27th Czech Open A 2016"]
[Site "Pardubice CZE"]
[Date "2016.07.27"]
[Round "6.79"]
[White "Wozniak, Mariola"]
[Black "Warakomska, Anna"]
[Result "1/2-1/2"]
[WhiteTitle "WIM"]
[BlackTitle "WIM"]
[WhiteElo "2166"]
[BlackElo "2321"]
[WhiteFideId "1152050"]
[BlackFideId "1130790"]
[EventDate "2016.07.22"]

1. e4 c5 2. Nf3 e6 3. d4 cxd4 4. Nxd4 Nc6 5. Nc3 Qc7 6. Be3 a6 7. Be2 b5 8. O-O
Bb7 9. Re1 Nf6 10. Bf3 Ne5 11. Qe2 b4 12. Nd5 exd5 13. exd5 Nxf3+ 14. Nxf3 O-O-O
15. Ng5 Bxd5 16. Qxa6+ Qb7 17. Qf1 h6 18. Nh3 Qc6 19. Rec1 Bc4 20. Qe1 Nd5 21.
Nf4 Nxe3 22. Qxe3 Bc5 23. Qd2 Rhe8 24. a3 bxa3 25. b4 Bd6 26. Rxa3 Re4 27. Nd3
Rg4 28. f3 Rg6 29. Rca1 Bb8 30. Ra5 Qc7 31. Ne5 Re8 32. Rc5 Rc6 33. Raa5 f6 34.
Nxc4 Qxh2+ 35. Kf1 Qh1+ 36. Kf2 Qh4+ 37. Kf1 Qh1+ 1/2-1/2

[Event "27th Czech Open A 2016"]
[Site "Pardubice CZE"]
[Date "2016.07.27"]
[Round "6.80"]
[White "Meyer, Henrik"]
[Black "Nun, Jiri"]
[Result "1/2-1/2"]
[BlackTitle "IM"]
[WhiteElo "2138"]
[BlackElo "2317"]
[WhiteFideId "12958182"]
[BlackFideId "300179"]
[EventDate "2016.07.22"]

1. e4 c6 2. d4 g6 3. Nc3 Bg7 4. Nf3 d6 5. h3 Nf6 6. a4 O-O 7. Be2 b6 8. Be3 Bb7
9. O-O Nbd7 10. Qd2 a6 11. e5 Ne8 12. e6 fxe6 13. Ng5 Nc7 14. Bg4 Rf6 15. Nce4
Nf8 16. h4 d5 17. Nxf6+ exf6 18. Nf3 Ne8 19. a5 b5 20. Qb4 Nd6 21. Nd2 Nf7 22.
g3 f5 23. Bh3 Nd7 24. f4 Bf8 25. Qc3 Nd6 26. Rfe1 Nf6 1/2-1/2

[Event "27th Czech Open A 2016"]
[Site "Pardubice CZE"]
[Date "2016.07.27"]
[Round "6.81"]
[White "Sarkozy, Ladislav"]
[Black "Kulkarni, Vinayak"]
[Result "1/2-1/2"]
[WhiteElo "2292"]
[BlackElo "2168"]
[WhiteFideId "14900300"]
[BlackFideId "5021332"]
[EventDate "2016.07.22"]

1. e4 c5 2. a3 e6 3. b4 d5 4. exd5 exd5 5. Bb5+ Nc6 6. Qe2+ Qe7 7. bxc5 Qxe2+ 8.
Nxe2 Bxc5 9. Bb2 f6 10. Nbc3 Ne7 11. Nf4 Bd4 12. O-O-O O-O 13. Ncxd5 Nxd5 14.
Nxd5 Bxf2 15. Nc7 Rb8 16. Na6 Ra8 17. Nc7 Rb8 1/2-1/2

[Event "27th Czech Open A 2016"]
[Site "Pardubice CZE"]
[Date "2016.07.27"]
[Round "6.82"]
[White "Adamowicz, Katarzyna"]
[Black "Gibicar, Danijel"]
[Result "1/2-1/2"]
[WhiteTitle "WFM"]
[BlackTitle "FM"]
[WhiteElo "2145"]
[BlackElo "2291"]
[WhiteFideId "1134043"]
[BlackFideId "24660256"]
[EventDate "2016.07.22"]

1. e4 e6 2. Nf3 d5 3. Nc3 d4 4. Ne2 c5 5. c3 Nc6 6. cxd4 cxd4 7. Qa4 Nf6 8.
Nexd4 Bd7 9. Nxc6 Qb6 10. Nfe5 bxc6 11. Nxd7 Nxd7 12. Be2 Bc5 13. O-O O-O 14.
Rb1 f5 15. b3 Bb4 16. Qa6 fxe4 17. Qc4 Nf6 18. Qxe6+ Kh8 19. a3 Bc5 20. Bb2 Rae8
21. Qh3 Nd5 22. Qg3 Bd4 23. Bc4 Nf4 24. Bxd4 Qxd4 25. Qc3 Qc5 26. Rbe1 Rf6 27.
Re3 Qh5 28. Rg3 Qf5 29. Qe3 h6 30. h3 Qd7 1/2-1/2

[Event "27th Czech Open A 2016"]
[Site "Pardubice CZE"]
[Date "2016.07.27"]
[Round "6.83"]
[White "Solozhenkina, Elizaveta"]
[Black "Rabatin, Jakub"]
[Result "1/2-1/2"]
[WhiteTitle "WFM"]
[BlackTitle "FM"]
[WhiteElo "2123"]
[BlackElo "2281"]
[WhiteFideId "34106615"]
[BlackFideId "329517"]
[EventDate "2016.07.22"]

1. e4 c5 2. c3 Nf6 3. e5 Nd5 4. d4 cxd4 5. cxd4 d6 6. Nf3 e6 7. a3 Bd7 8. Bd3
Be7 9. O-O Bc6 10. Qe2 Nd7 11. Bd2 dxe5 12. Nxe5 Nxe5 13. dxe5 O-O 14. Nc3 Nxc3
15. Bxc3 Qb6 16. Qg4 Bb5 17. Bxb5 Qxb5 18. Rad1 Rfd8 19. Rfe1 Qc6 20. Re3 Rxd1+ 1/2-1/2

[Event "27th Czech Open A 2016"]
[Site "Pardubice CZE"]
[Date "2016.07.27"]
[Round "6.84"]
[White "Oberhofer, Cedric"]
[Black "Karas, Marek"]
[Result "0-1"]
[BlackTitle "FM"]
[WhiteElo "2091"]
[BlackElo "2278"]
[WhiteFideId "12941220"]
[BlackFideId "14928558"]
[EventDate "2016.07.22"]

1. d4 Nf6 2. c4 e6 3. Nf3 c5 4. d5 exd5 5. cxd5 d6 6. Nc3 g6 7. g3 Bg7 8. Bg2
O-O 9. O-O Re8 10. Bf4 Nh5 11. Bg5 f6 12. Bd2 a6 13. a4 f5 14. Qb3 Nd7 15. Ng5
Nf8 16. Qc4 h6 17. Nf3 Rb8 18. Rfe1 b5 19. axb5 axb5 20. Qb3 Bd7 21. Ra7 b4 22.
Nd1 Ra8 23. Rxa8 Qxa8 24. Ne3 Qa6 25. Qc2 Bb5 26. Nxf5 gxf5 27. Qxf5 Nf6 28.
Bxh6 Bxh6 29. Qxf6 Bg7 30. Qg5 Rxe2 31. Rc1 Qa7 32. Bf1 Qf7 33. Bxe2 Bxe2 34.
Nd2 Qf6 35. Qxf6 Bxf6 36. b3 Bd3 37. Nc4 Bxc4 38. Rxc4 Nd7 39. Kf1 Nb6 40. Rg4+
Kf7 41. Ke2 Nxd5 42. h4 Nc3+ 43. Kd3 d5 44. Kc2 Nb5 45. Kb1 c4 46. bxc4 dxc4 47.
Rxc4 Na3+ 48. Ka2 Nxc4 49. Kb3 Nd2+ 50. Kxb4 Ne4 51. Kc4 Nxf2 52. Kd5 Kg6 53.
Ke6 Ng4 54. Kd5 Kf5 55. Kd6 Be5+ 56. Kd5 Bxg3 57. Kc5 Bxh4 58. Kd5 Bf2 59. Kd6
Ke4 60. Ke6 Bc5 61. Kd7 Ne5+ 62. Kc7 Kd5 63. Kb7 Kd6 64. Kb8 Kc6 65. Ka8 Ng6 66.
Kb8 Ne7 67. Ka8 Nd5 68. Kb8 Nc7 69. Kc8 Ba7 70. Kd8 Nd5 71. Ke8 Bd4 72. Kd8 Be5
73. Ke8 Kd6 74. Kf7 Nf4 75. Ke8 Bf6 76. Kf7 Bg5 77. Ke8 Ke6 78. Kf8 Nh5 79. Ke8
Ng7+ 80. Kf8 Kf6 81. Kg8 Kg6 82. Kf8 Bh4 83. Kg8 Be7 84. Kh8 Nf5 0-1

[Event "27th Czech Open A 2016"]
[Site "Pardubice CZE"]
[Date "2016.07.27"]
[Round "6.85"]
[White "Prithu, Gupta"]
[Black "Havelka, Josef"]
[Result "1/2-1/2"]
[BlackTitle "FM"]
[WhiteElo "1981"]
[BlackElo "2277"]
[WhiteFideId "46618546"]
[BlackFideId "361097"]
[EventDate "2016.07.22"]

1. e4 c5 2. Nf3 Nc6 3. d4 cxd4 4. Nxd4 Nf6 5. Nc3 d6 6. Bg5 Bd7 7. Qd2 Rc8 8.
O-O-O Nxd4 9. Qxd4 Qa5 10. Be3 a6 11. f3 e5 12. Qb6 Qxb6 13. Bxb6 Be7 14. Be2
O-O 15. Kb1 Be6 16. Be3 Rfd8 17. Bg5 Kf8 18. Bxf6 Bxf6 19. Nd5 Bg5 20. h4 Bh6
21. g4 Bxd5 22. exd5 Bf4 23. Bd3 Ke7 24. Be4 Rh8 25. Rhg1 h6 26. Rd3 Rc7 27. Rb3
h5 28. g5 g6 29. Rg2 Rb8 30. Rb4 Kd7 31. a4 Rc5 32. Ka2 Kc7 33. Kb3 Rc8 34. c3
Kb8 35. Kc2 Ka7 36. Kd3 Ra5 37. Kc2 Rc7 38. Kd3 Bc1 39. Rc2 Bf4 40. Rg2 Rac5 41.
Rg1 Ra5 42. Rg2 1/2-1/2

[Event "27th Czech Open A 2016"]
[Site "Pardubice CZE"]
[Date "2016.07.27"]
[Round "6.86"]
[White "Chekletsov, Egor"]
[Black "Spalir, Jernej"]
[Result "0-1"]
[BlackTitle "FM"]
[WhiteElo "2009"]
[BlackElo "2364"]
[WhiteFideId "24175315"]
[BlackFideId "14606518"]
[EventDate "2016.07.22"]

1. d4 Nf6 2. c4 e6 3. Nc3 Bb4 4. Qc2 O-O 5. a3 Bxc3+ 6. Qxc3 b6 7. Nf3 h6 8. e3
Bb7 9. Be2 d6 10. O-O Nbd7 11. b4 Ne4 12. Qc2 f5 13. Ne1 c5 14. f3 Nef6 15. Bb2
Rc8 16. Qd2 Qe7 17. Nc2 Rfd8 18. Bd3 d5 19. Qe2 Ba6 20. b5 Bb7 21. a4 cxd4 22.
exd4 Qf7 23. Nb4 Nf8 24. cxd5 Nxd5 25. Nxd5 Bxd5 26. Rfc1 Ng6 27. Qd2 Nh4 28.
Rxc8 Rxc8 29. Rc1 Rxc1+ 30. Bxc1 Qf6 31. Qf2 Bb3 32. Bb2 Qg5 33. f4 Qe7 34. g3
Ng6 35. Qe3 Qb4 36. g4 Bd5 37. Bc1 Nh4 38. gxf5 exf5 39. Bc2 Nf3+ 40. Kf2 Nxd4
41. Ba3 Qc4 42. Bb1 Nc2 43. Qe8+ Kh7 44. Qe5 Nxa3 45. Qxf5+ Kg8 46. Qh7+ Kf8 47.
Qf5+ Bf7 0-1

[Event "27th Czech Open A 2016"]
[Site "Pardubice CZE"]
[Date "2016.07.27"]
[Round "6.87"]
[White "Petr, Martin"]
[Black "Dovzhenko, Viktor"]
[Result "1-0"]
[WhiteTitle "GM"]
[BlackTitle "IM"]
[WhiteElo "2505"]
[BlackElo "2191"]
[WhiteFideId "318299"]
[BlackFideId "14105985"]
[EventDate "2016.07.22"]

1. e4 g6 2. d4 Bg7 3. Nc3 a6 4. f4 d5 5. e5 c5 6. dxc5 d4 7. Nce2 Nc6 8. Nf3 Bg4
9. Nexd4 Qa5+ 10. c3 Nxd4 11. Qxd4 Bxf3 12. gxf3 Nh6 13. Qb4 Qc7 14. Qa4+ Kf8
15. Be3 Nf5 16. Bf2 Rd8 17. Bh3 e6 18. Bxf5 gxf5 19. Rd1 Ke7 20. Rg1 Bxe5 21.
fxe5 Qxe5+ 22. Kf1 Rxd1+ 23. Qxd1 Qxh2 24. Qd4 e5 25. Bh4+ f6 26. Qd6+ Ke8 27.
Qe6+ Kd8 28. Bxf6+ Kc7 29. Bxe5+ 1-0

[Event "27th Czech Open A 2016"]
[Site "Pardubice CZE"]
[Date "2016.07.27"]
[Round "6.88"]
[White "Bryzgalin, Kirill"]
[Black "Halfhide, Sebastian"]
[Result "1-0"]
[WhiteTitle "GM"]
[WhiteElo "2442"]
[BlackElo "2188"]
[WhiteFideId "4133285"]
[BlackFideId "1045946"]
[EventDate "2016.07.22"]

1. c4 e5 2. Nc3 Nc6 3. g3 g6 4. Bg2 Bg7 5. e3 Nge7 6. Nge2 d6 7. d3 O-O 8. O-O
Be6 9. Nd5 Rb8 10. Rb1 Bxd5 11. cxd5 Nb4 12. Nc3 c6 13. dxc6 bxc6 14. a3 Na6 15.
Bd2 Nc7 16. Qa4 Qd7 17. Rfc1 Rfc8 18. b4 Ne6 19. Nd5 Nxd5 20. Bxd5 Nd8 21. Rb3
Qb7 22. Bg2 d5 23. Rbc3 Bf8 24. e4 d4 25. Rc4 Be7 26. Bh3 Rc7 27. f4 f6 28. fxe5
fxe5 29. Bh6 Qb5 30. Qb3 Kh8 31. Rf1 Bd6 32. Rc2 c5 33. Rcf2 Nb7 34. Qe6 Re8 35.
Qf6+ Kg8 36. Be6+ Rxe6 37. Qf8+ 1-0

[Event "27th Czech Open A 2016"]
[Site "Pardubice CZE"]
[Date "2016.07.27"]
[Round "6.89"]
[White "Jansa, Vlastimil"]
[Black "Urban, Lars"]
[Result "1/2-1/2"]
[WhiteTitle "GM"]
[WhiteElo "2411"]
[BlackElo "2205"]
[WhiteFideId "300128"]
[BlackFideId "4644034"]
[EventDate "2016.07.22"]

1. e4 e6 2. d4 d5 3. Nd2 c5 4. Ngf3 Nf6 5. exd5 exd5 6. Bb5+ Bd7 7. Bxd7+ Nbxd7
8. O-O Be7 9. dxc5 Nxc5 10. Nb3 Nce4 11. Nfd4 Qd7 12. f3 Nd6 13. Nc5 Qc8 14. Nd3
O-O 15. Be3 Bd8 16. Bf2 Re8 17. c3 Bb6 18. Qc2 Qc4 19. a3 Rac8 20. Qd2 Nb5 21.
Nf5 Bxf2+ 22. Rxf2 g6 23. a4 gxf5 24. axb5 Qxb5 25. Qg5+ Kf8 26. Qxf5 Qb6 27. g4
Kg8 28. Nf4 h6 29. h4 d4 30. g5 hxg5 31. hxg5 Nh7 32. Rh2 dxc3+ 33. Kh1 Nf8 34.
Qh3 Qd4 35. bxc3 Qxc3 36. Rf1 Re1 37. Rf2 Rc5 38. Qg4 Qe5 39. Nh5 Rxf1+ 40. Rxf1
Qxg5 41. Nf6+ Kg7 42. Ne8+ Kh6 43. Kg2 Rc2+ 44. Kg3 Ne6 45. Qxg5+ Kxg5 46. Nd6
f5 47. f4+ Nxf4 48. Rxf4 Rc3+ 49. Rf3 f4+ 50. Kg2 Rxf3 51. Kxf3 a5 52. Ne4+ Kf5
53. Nd6+ Kg5 54. Ne4+ Kf5 55. Nd6+ Ke5 56. Nc4+ 1/2-1/2

[Event "27th Czech Open A 2016"]
[Site "Pardubice CZE"]
[Date "2016.07.27"]
[Round "6.90"]
[White "Richterova, Natasa"]
[Black "Krivenko, Sergey"]
[Result "1-0"]
[WhiteTitle "WFM"]
[WhiteElo "2191"]
[BlackElo "2354"]
[WhiteFideId "350591"]
[BlackFideId "24124753"]
[EventDate "2016.07.22"]

1. e4 c5 2. Nf3 Nc6 3. Bb5 g6 4. O-O Bg7 5. c3 Nf6 6. Re1 O-O 7. d4 Qb6 8. a4
cxd4 9. cxd4 a6 10. Bc4 d6 11. h3 Nd7 12. d5 Na5 13. Nbd2 Nc5 14. Rb1 Qb4 15. b3
Bd7 16. Bf1 Rac8 17. Re3 e6 18. Ne1 exd5 19. Nc2 Qb6 20. b4 Nxa4 21. bxa5 Qc7
22. Nb4 Nc3 23. Rxc3 Qxc3 24. Bb2 Qc5 25. Bxg7 Kxg7 26. Nxd5 Qxa5 27. Rxb7 Rcd8
28. Nc4 Qc5 29. Rc7 Qb5 30. Qd4+ Kh6 31. Qd2+ Kg7 32. Qc3+ Kh6 33. Nce3 1-0

[Event "27th Czech Open A 2016"]
[Site "Pardubice CZE"]
[Date "2016.07.28"]
[Round "7.1"]
[White "Laznicka, Viktor"]
[Black "Movsesian, Sergei"]
[Result "1/2-1/2"]
[WhiteTitle "GM"]
[BlackTitle "GM"]
[WhiteElo "2654"]
[BlackElo "2666"]
[WhiteFideId "316385"]
[BlackFideId "310204"]
[EventDate "2016.07.22"]

1. d4 Nf6 2. c4 e6 3. g3 d5 4. Nf3 Be7 5. Bg2 O-O 6. O-O dxc4 7. Qa4 a6 8. Qxc4
b5 9. Qc2 Bb7 10. Bd2 Bd6 11. Re1 Be4 12. Qc1 Bb7 13. Qc2 Be4 14. Qc1 Bb7 15. a3
Nbd7 16. b4 Ra7 17. a4 Qa8 18. axb5 axb5 19. Rxa7 Qxa7 20. Nc3 Bxb4 21. Nxb5 Qa5
22. Bxb4 1/2-1/2

[Event "27th Czech Open A 2016"]
[Site "Pardubice CZE"]
[Date "2016.07.28"]
[Round "7.2"]
[White "Schlosser, Philipp"]
[Black "Ganguly, Surya Shekhar"]
[Result "0-1"]
[WhiteTitle "GM"]
[BlackTitle "GM"]
[WhiteElo "2509"]
[BlackElo "2676"]
[WhiteFideId "4600169"]
[BlackFideId "5002150"]
[EventDate "2016.07.22"]

1. Nf3 d5 2. d4 Nf6 3. Bf4 e6 4. e3 c5 5. Nbd2 Nc6 6. c3 Bd6 7. Bxd6 Qxd6 8. Bb5
Bd7 9. O-O O-O 10. a4 a6 11. Bd3 e5 12. dxc5 Qxc5 13. e4 Rad8 14. Qc2 Bg4 15. b4
Qd6 16. exd5 Qxd5 17. Bc4 Qd7 18. Rad1 Bf5 19. Qc1 Qc7 20. Nb3 Bg4 21. Rxd8 Rxd8
22. Nfd2 e4 23. Re1 Ne5 24. Bf1 Bf5 25. h3 Neg4 26. hxg4 Nxg4 27. Nf3 exf3 28.
g3 Bd7 29. Nd4 Bxa4 30. Nxf3 Qb6 31. Nd4 Qf6 32. Re2 Ne5 33. Bg2 Nc6 34. Re4 h6
35. Qe3 Nxd4 36. cxd4 Qd6 37. Qa3 Bc2 38. Re1 Qxd4 39. Bxb7 Rd6 40. Bxa6 Rf6 41.
Re8+ Kh7 42. Re3 Qd2 43. Re2 Qd1+ 44. Kg2 Qd5+ 45. Kg1 Qd1+ 46. Kg2 Bb3 47. f3
Rc6 48. Rb2 Rc3 49. Be2 Qe1 50. b5 Rc1 51. Bd3+ g6 52. Qxb3 Qh1+ 53. Kf2 Qg1+
54. Ke2 Qe1# 0-1

[Event "27th Czech Open A 2016"]
[Site "Pardubice CZE"]
[Date "2016.07.28"]
[Round "7.3"]
[White "Cerveny, Martin"]
[Black "Kravtsiv, Martyn"]
[Result "1/2-1/2"]
[WhiteTitle "IM"]
[BlackTitle "GM"]
[WhiteElo "2384"]
[BlackElo "2631"]
[WhiteFideId "321141"]
[BlackFideId "14113147"]
[EventDate "2016.07.22"]

1. d4 Nf6 2. Nf3 e6 3. g3 d5 4. Bg2 Be7 5. O-O O-O 6. c4 dxc4 7. Ne5 Nc6 8. Bxc6
bxc6 9. Nxc6 Qe8 10. Nxe7+ Qxe7 11. Qa4 e5 12. dxe5 Qxe5 13. Qxc4 Be6 14. Qc2
Bf5 15. Qc4 Be6 16. Qc2 Bf5 17. Qc4 Be6 18. Qc2 1/2-1/2

[Event "27th Czech Open A 2016"]
[Site "Pardubice CZE"]
[Date "2016.07.28"]
[Round "7.4"]
[White "Nabaty, Tamir"]
[Black "Babula, Vlastimil"]
[Result "1/2-1/2"]
[WhiteTitle "GM"]
[BlackTitle "GM"]
[WhiteElo "2622"]
[BlackElo "2540"]
[WhiteFideId "2809052"]
[BlackFideId "301264"]
[EventDate "2016.07.22"]

1. Nf3 Nf6 2. c4 b6 3. d4 e6 4. Bf4 Bb4+ 5. Nbd2 Bb7 6. e3 O-O 7. a3 Be7 8. h3
c5 9. Rc1 d5 10. cxd5 Nxd5 11. Bg3 Nf6 12. dxc5 Bxc5 13. Bb5 a6 14. Be2 Bd6 15.
Bxd6 Qxd6 16. O-O b5 17. Nb3 Bd5 18. Nc5 Nbd7 19. Qd4 Rfc8 20. Nxd7 Qxd7 21. Ne5
Qe7 22. Rfd1 h6 23. f3 Bb7 24. e4 Rc7 25. Qb4 Qxb4 26. axb4 Rxc1 27. Rxc1 Ne8
28. Nc6 Kf8 29. Na5 Ra7 30. Nxb7 Rxb7 31. Rc6 Ra7 32. f4 Nf6 33. Bf3 Nd7 34. e5
g5 35. g3 Ke7 36. Kf2 a5 37. Be2 axb4 38. Bxb5 Rb7 39. Bc4 gxf4 40. gxf4 Nf8 41.
Ke3 Ng6 42. Ba6 Rd7 43. Rc8 f6 44. Bb5 Ra7 45. Bd3 Kf7 46. Rc6 Ne7 47. Rd6 fxe5
48. fxe5 Ra1 49. Kd4 Rh1 50. Kc5 Re1 51. Kd4 Rh1 52. Rb6 Rxh3 53. Bc4 Nd5 54.
Rb7+ Kg6 55. Bxd5 exd5 56. Kc5 d4 57. Rxb4 Kf5 58. Kd6 Re3 59. Rb5 h5 60. Rd5 d3
61. b4 h4 62. b5 h3 63. b6 d2 64. b7 h2 65. e6+ Re5 66. Rxe5+ Kf6 67. b8=Q d1=Q+
68. Rd5 Qxd5+ 69. Kxd5 1/2-1/2

[Event "27th Czech Open A 2016"]
[Site "Pardubice CZE"]
[Date "2016.07.28"]
[Round "7.5"]
[White "Stocek, Jiri"]
[Black "Boruchovsky, Avital"]
[Result "1/2-1/2"]
[WhiteTitle "GM"]
[BlackTitle "GM"]
[WhiteElo "2550"]
[BlackElo "2531"]
[WhiteFideId "304760"]
[BlackFideId "2800055"]
[EventDate "2016.07.22"]

1. d4 Nf6 2. c4 e6 3. Nc3 Bb4 4. e3 O-O 5. Bd3 d5 6. Nf3 c5 7. O-O dxc4 8. Bxc4
b6 9. a3 Bxc3 10. bxc3 Qc7 11. Ba2 Bb7 12. Bb2 Rd8 13. c4 cxd4 14. exd4 Qf4 15.
d5 exd5 16. cxd5 Na6 17. Be5 Qf5 18. Qd4 Ne8 19. Rfe1 Nac7 20. Qh4 h6 21. Nd4
Qg5 22. Qxg5 hxg5 23. Nc6 Rd7 24. Rac1 Nb5 25. a4 Nbd6 26. h3 Rc8 27. Nxa7 Ra8
28. Nc6 Rxa4 29. Bb3 Re4 30. Bd4 Rxe1+ 31. Rxe1 b5 32. Bc5 g6 33. Bb4 Nf6 34.
Re5 g4 35. hxg4 Nxg4 36. Re1 Nf6 37. Bc3 Nfe4 38. Bb4 Nf6 39. f3 Nfe8 40. Ne7+
Kg7 41. Nc6 Nc7 42. Ne5 Rd8 43. Bc3 Kg8 44. Ba5 Rc8 45. Nc6 Nxd5 46. Nd8 Ba8 47.
Bxd5 Bxd5 48. Rd1 Nc4 49. Rxd5 Nxa5 50. Rxb5 Rxd8 1/2-1/2

[Event "27th Czech Open A 2016"]
[Site "Pardubice CZE"]
[Date "2016.07.28"]
[Round "7.6"]
[White "Gopal, G.N."]
[Black "Ponizil, Cyril"]
[Result "1-0"]
[WhiteTitle "GM"]
[BlackTitle "IM"]
[WhiteElo "2565"]
[BlackElo "2510"]
[WhiteFideId "5015693"]
[BlackFideId "322202"]
[EventDate "2016.07.22"]

1. e4 c5 2. Nf3 Nc6 3. Bb5 e6 4. Bxc6 bxc6 5. d3 Ne7 6. h4 d6 7. h5 e5 8. h6 Bg4
9. hxg7 Bxg7 10. Bh6 Bxh6 11. Rxh6 Ng6 12. Nbd2 O-O 13. Qe2 Kg7 14. Rh2 h5 15.
O-O-O f5 16. Rdh1 Qf6 17. Qe1 f4 18. Nh4 Ne7 19. f3 Be6 20. g3 fxg3 21. Qxg3+
Kf7 22. Ng2 Rh8 23. f4 Rag8 24. Qe3 exf4 25. Nxf4 Ke8 26. Nxh5 Qg6 27. e5 Nd5
28. Qe1 Kd7 29. Nf6+ 1-0

[Event "27th Czech Open A 2016"]
[Site "Pardubice CZE"]
[Date "2016.07.28"]
[Round "7.7"]
[White "Lintchevski, Daniil"]
[Black "Frolov, Artur"]
[Result "1/2-1/2"]
[WhiteTitle "GM"]
[BlackTitle "IM"]
[WhiteElo "2548"]
[BlackElo "2455"]
[WhiteFideId "4171055"]
[BlackFideId "14100134"]
[EventDate "2016.07.22"]

1. e4 c5 2. Nf3 Nc6 3. d4 cxd4 4. Nxd4 e5 5. Nb5 a6 6. Nd6+ Bxd6 7. Qxd6 Qe7 8.
Qxe7+ Ngxe7 9. Nc3 d5 10. Bd2 Be6 11. exd5 Nxd5 12. Nxd5 Bxd5 13. O-O-O O-O-O
14. Be3 Kc7 15. f3 Be6 16. Be2 f6 17. Rhe1 h6 18. b3 Rxd1+ 19. Rxd1 Rd8 20. Rxd8
Nxd8 21. c4 Bd7 22. Kd2 a5 23. Kc3 Bc6 24. a3 Ne6 25. b4 axb4+ 26. axb4 g5 27.
b5 Bd7 28. g3 b6 29. Bd3 Nc5 30. Bf1 Bc8 31. Kb4 Kd6 32. f4 exf4 33. gxf4 Bb7
34. Bxc5+ bxc5+ 35. Ka5 Kc7 36. fxg5 hxg5 37. Bh3 Be4 38. b6+ Kb7 39. Kb5 f5 40.
Kxc5 g4 41. Bf1 f4 42. Kd4 Bc6 1/2-1/2

[Event "27th Czech Open A 2016"]
[Site "Pardubice CZE"]
[Date "2016.07.28"]
[Round "7.8"]
[White "Zakhartsov, Viacheslav V."]
[Black "Gusain, Himal"]
[Result "1-0"]
[WhiteTitle "GM"]
[WhiteElo "2532"]
[BlackElo "2453"]
[WhiteFideId "4115333"]
[BlackFideId "5033861"]
[EventDate "2016.07.22"]

1. d4 Nf6 2. c4 c5 3. d5 e6 4. Nc3 exd5 5. cxd5 d6 6. e4 g6 7. h3 Bg7 8. Nf3 O-O
9. Bd3 Nh5 10. O-O Nd7 11. Bg5 Bf6 12. Be3 Ne5 13. Nxe5 Bxe5 14. f4 Bd4 15. Bxd4
cxd4 16. Ne2 Re8 17. Qa4 g5 18. fxg5 Bd7 19. Qxd4 Qxg5 20. Rf3 Re5 21. Rc1 f5
22. Rc7 fxe4 23. Bxe4 Re7 24. Rxd7 Rxd7 25. Bf5 Rg7 26. Be6+ Kh8 27. g4 Qe7 28.
Rf5 Qe8 29. Kh2 Qb5 30. Qf2 Qxb2 31. gxh5 1-0

[Event "27th Czech Open A 2016"]
[Site "Pardubice CZE"]
[Date "2016.07.28"]
[Round "7.9"]
[White "Visakh, N R"]
[Black "Novikov, Stanislav"]
[Result "1-0"]
[WhiteTitle "IM"]
[BlackTitle "GM"]
[WhiteElo "2431"]
[BlackElo "2528"]
[WhiteFideId "25012223"]
[BlackFideId "4125371"]
[EventDate "2016.07.22"]

1. d4 Nf6 2. Bg5 e6 3. Nd2 c5 4. e3 Be7 5. c3 b6 6. Ngf3 Bb7 7. Bd3 d5 8. Ne5
O-O 9. O-O Ne4 10. Bxe7 Qxe7 11. Nxe4 dxe4 12. Bc2 f6 13. Nc4 Nd7 14. dxc5 Ba6
15. c6 Nc5 16. Qd6 Rf7 17. Qxe7 Rxe7 18. Nd6 Bxf1 19. Kxf1 Rd8 20. Rd1 f5 21.
Rd4 Rc7 22. Nb5 Rxd4 23. exd4 Na6 24. Nxc7 Nxc7 25. c4 Kf7 26. b4 Ke7 27. c5 b5
28. Bb3 Nd5 29. a3 g5 30. f3 exf3 31. Bxd5 exd5 32. gxf3 h5 33. Kg2 Kd8 34. f4 1-0

[Event "27th Czech Open A 2016"]
[Site "Pardubice CZE"]
[Date "2016.07.28"]
[Round "7.10"]
[White "Alsina Leal, Daniel"]
[Black "Malakhov, Igor"]
[Result "0-1"]
[WhiteTitle "GM"]
[BlackTitle "IM"]
[WhiteElo "2521"]
[BlackElo "2451"]
[WhiteFideId "2252627"]
[BlackFideId "4183088"]
[EventDate "2016.07.22"]

1. e4 c5 2. Nf3 Nc6 3. d4 cxd4 4. Nxd4 g6 5. c4 Nf6 6. Nc3 d6 7. Nc2 Bg7 8. Be2
O-O 9. O-O Nd7 10. Bd2 a5 11. Na3 Nd4 12. Nab5 Nxb5 13. cxb5 Nb6 14. Be3 Be6 15.
Qd2 Rc8 16. Rfc1 Nc4 17. Bxc4 Rxc4 18. f3 Qd7 19. b6 Rfc8 20. Nd5 Bxd5 21. Qxd5
Rxc1+ 22. Rxc1 Rxc1+ 23. Bxc1 Qc8 24. Be3 Bxb2 25. Qxa5 Qc4 26. Kf2 Kg7 27. Qd5
Qc2+ 28. Kg3 Be5+ 29. f4 Qe2 30. Qb3 Bf6 31. h3 e5 32. Kh2 Qf1 33. Qc3 Qb1 34.
Qc4 Qe1 35. Qc1 Qb4 36. Qc2 exf4 37. Bxf4 Qxb6 38. Qd2 Be5 39. Bxe5+ dxe5 40.
Qd5 Qb2 41. a4 b6 42. a5 bxa5 43. Qxa5 Qd4 44. Qe1 Qd6 45. Qe3 Qf6 46. Qe2 Qf4+
47. g3 Qc1 48. h4 Qc6 49. Qe3 Qc2+ 50. Kg1 Qb2 51. Qf3 h6 52. Kf1 Qc2 53. Qe3
Kh7 54. Kg1 Qb2 55. Kh1 Kg7 56. Qe1 f5 57. exf5 gxf5 58. Qd1 Qd4 59. Qb3 Qe4+
60. Kh2 f4 61. gxf4 Qxf4+ 62. Kh3 h5 63. Qe6 Qf3+ 64. Kh2 Qf6 65. Qd7+ Kh6 66.
Kg2 Qg7+ 0-1

[Event "27th Czech Open A 2016"]
[Site "Pardubice CZE"]
[Date "2016.07.28"]
[Round "7.11"]
[White "Vetoshko, Volodymyr"]
[Black "Gundavaa, Bayarsaikhan"]
[Result "1-0"]
[WhiteTitle "IM"]
[BlackTitle "GM"]
[WhiteElo "2430"]
[BlackElo "2503"]
[WhiteFideId "14122480"]
[BlackFideId "4901045"]
[EventDate "2016.07.22"]

1. e4 c5 2. Nf3 d6 3. d4 cxd4 4. Nxd4 Nf6 5. f3 Nc6 6. c4 e6 7. Nc3 Be7 8. Nc2
O-O 9. Ne3 Ne5 10. Be2 a6 11. O-O Qc7 12. Kh1 b6 13. Bd2 Bb7 14. Rc1 Rac8 15. b4
Ng6 16. Re1 h5 17. Bf1 h4 18. a3 Qb8 19. Qe2 Bd8 20. Qf2 Bc7 21. Qg1 Kh7 22. Bd3
Ne5 23. Be2 Ng6 24. Nf1 Rh8 25. Be3 Ba8 26. h3 Rhe8 27. Na4 Nd7 28. c5 bxc5 29.
bxc5 Bc6 30. Rb1 Qa8 31. Nb6 Bxb6 32. cxb6 d5 33. Nd2 Nf6 34. exd5 Bxd5 35. Rec1
Nh5 36. Nf1 f5 37. Qf2 f4 38. Bc5 e5 39. Bd3 e4 40. fxe4 Bxe4 41. Bxe4 Qxe4 42.
b7 Rb8 43. Re1 Qf5 44. Rxe8 Rxe8 45. b8=Q Ng3+ 46. Kg1 Rxb8 47. Rxb8 f3 48. Bd6
Ne2+ 49. Kh1 fxg2+ 50. Qxg2 Qd3 51. Rb4 1-0